| 000 | 00606nam a2200193Ia 4500 | ||
|---|---|---|---|
| 005 | 20250508164829.0 | ||
| 008 | 008 250505s9999 xx 000 0 hin d | ||
| 037 | _aDissertations | ||
| 040 |
_aFEDL _beng _cFEDL |
||
| 041 |
_ahin _2eng |
||
| 084 |
_a370.19, TOM/DI _qFEDL |
||
| 100 |
_aTomar Sandeep Kumar _9779234 |
||
| 245 | 0 | _aSamajik prashthbhumi ke paripreshya me sheshik chetna ka addhyan: Hindi sahitya ke sandarbh me | |
| 260 | _c2005 | ||
| 300 | _a161p. | ||
| 546 | _aM. Phil. Dissertation (Delhi University) | ||
| 942 |
_cDIS _h370.19, TOM/DI |
||
| 999 |
_c1391450 _d1391450 |
||